Analýza spôsobilosti výrobného procesu vo firme ObalOtava, a.s., Slovenská Ľupča

Saved in:
Bibliographic Details
Main Author: Šimko, Vladimír (Author)
Other Authors: Nováková, Renata (Thesis advisor)
Format: Manuscript Book
Language:Slovak
Published: 2018
Subjects:
Online Access:http://is.stuba.sk/zp/portal_zp.pl?podrobnosti=146473
Tags: Add Tag
No Tags, Be the first to tag this record!

MARC

LEADER 00000ntm a22000003a 4500
001 stuzp69524
003 SK-STU
005 20180820161546.2
007 ta
008 150427s2015----xo-----f-mn---000-0-slo-d
040 |a STU  |b slo 
041 0 |a slo 
100 1 |a Šimko, Vladimír  |u 064000  |4 aut  |U MTF Materiálovotechnologická fakulta  |T MTF Ústav priemyselného inžinierstva a manažmentu  |X 77502  |U M4000  |Y 84  |7 77502 
242 0 1 |a Analysis capabilities of the manufacturing process in company ObalOtava, a.s., Slovenská Ľupča  |y eng 
245 1 0 |a Analýza spôsobilosti výrobného procesu vo firme ObalOtava, a.s., Slovenská Ľupča 
260 |c 2018 
650 4 |a výrobný proces  |2 slo 
650 4 |a podnik  |2 slo 
650 4 |a kvalita  |2 slo 
650 4 |a production process  |2 eng 
650 4 |a company  |2 eng 
650 4 |a quality  |2 eng 
700 1 |a Nováková, Renata  |u 064000  |k Z1  |4 ths  |U MTF Materiálovotechnologická fakulta  |T MTF Ústav priemyselného inžinierstva a manažmentu  |X 1481  |U M4000  |Y 84  |7 A000001481 
856 4 |u http://is.stuba.sk/zp/portal_zp.pl?podrobnosti=146473 
996 |c M* BP-8414  |l MMSKP  |s P  |a 0  |w stuzp69524_0001